000 00425nam a2200181Ia 4500
005 20250423101452.0
008 250422s9999 xx 000 0 und d
020 _a978-0-393-33533-0
050 _aKA 70 .G6/
100 _aGoldsmith Jack.
245 4 _aThe Terror Presidency
260 _aNew York
260 _bW.W. Norton & Company. Inc
260 _c2007
300 _a282 p
650 _aLiterature
942 _cBK
999 _c36380
_d36380